[Event "Madrid-ch Previa-A"]
[Site "Madrid"]
[Date "2018.02.21"]
[Round "9"]
[White "Martinez Gallardo, Javier"]
[Black "Moreno Uribarri, Miguel"]
[Result "1-0"]
[WhiteElo "1617"]
[BlackElo "1626"]
[PlyCount "105"]
[EventDate "2018.02.05"]
[EventType "swiss"]
[EventRounds "9"]
[EventCountry "ESP"]
[SourceTitle "EXT 2020"]
[Source "ChessBase"]
[SourceDate "2019.10.17"]
[SourceVersion "1"]
[SourceVersionDate "2019.10.17"]
[SourceQuality "1"]

1. e4 c5 2. Nf3 d6 3. c3 Nf6 4. Be2 g6 5. 0-0 Bg7 6. Re1 0-0 7. d3 Nc6 8. Nbd2 Rb8 9. Nf1 b5 10. a3 a5 11. Ng3 b4 12. Bd2 bxc3 13. Bxc3 d5 14. exd5 Nxd5 15. Bxg7 Kxg7 16. Qc2 Qb6 17. Rab1 Be6 18. Ne4 Nd4 19. Qxc5 Qxc5 20. Nxc5 Nxe2+ 21. Rxe2 Nc3 22. Nxe6+ fxe6 23. Rbe1 Nxe2+ 24. Rxe2 Kf6 25. Ne5 Rfc8 26. f4 Rc1+ 27. Kf2 Rbc8 28. Nc4 Rc5 29. g4 g5 30. fxg5+ Rxg5 31. h3 Rh1 32. Kg2 Rd1 33. Nd2 Rb5 34. Ne4+ Kf7 35. Nc3 Rxb2 36. Rxb2 Rxd3 37. Nb5 e5 38. a4 Ke6 39. Rc2 Kd5 40. Rc3 Ke4 41. Rc7 Rd2+ 42. Kg3 Rd3+ 43. Kh4 Kf3 44. Rxe7 e4 45. Rf7+ Ke2 46. Rf4 Ke3 47. Rf5 Ke2 48. Nc7 Rf3 49. Nd5 Rd3 50. Nf4+ Ke3 51. Nxd3 exd3 52. Rxa5 Ke4 53. Rb5 1-0

[Event "Madrid-ch Previa-A"]
[Site "Madrid"]
[Date "2018.02.07"]
[Round "3"]
[White "Martinez Gallardo, Javier"]
[Black "Garcia Gonzalez, Pedro A"]
[Result "1/2-1/2"]
[WhiteElo "1617"]
[BlackElo "1821"]
[PlyCount "46"]
[EventDate "2018.02.05"]
[EventType "swiss"]
[EventRounds "9"]
[EventCountry "ESP"]
[SourceTitle "EXT 2020"]
[Source "ChessBase"]
[SourceDate "2019.10.17"]
[SourceVersion "1"]
[SourceVersionDate "2019.10.17"]
[SourceQuality "1"]

1. e4 e5 2. Nf3 Nc6 3. Bb5 a6 4. Ba4 Nf6 5. 0-0 Be7 6. Re1 b5 7. Bb3 0-0 8. c3 d5 9. d3 Bg4 10. h3 Bh5 11. Nbd2 dxe4 12. dxe4 Re8 13. Nf1 Qxd1 14. Bxd1 Rad8 15. Ng3 Bg6 16. Bc2 Bf8 17. Nh4 Na5 18. Nxg6 hxg6 19. b3 c5 20. Be3 Nb7 21. Rad1 Be7 22. Rxd8 Rxd8 23. Rd1 Rxd1+ 1/2-1/2

[Event "Madrid-ch Previa-A"]
[Site "Madrid"]
[Date "2018.02.05"]
[Round "1"]
[White "Martinez Gallardo, Javier"]
[Black "Fernandez Garcia, Ignacio"]
[Result "0-1"]
[WhiteElo "1617"]
[BlackElo "1851"]
[PlyCount "96"]
[EventDate "2018.02.05"]
[EventType "swiss"]
[EventRounds "9"]
[EventCountry "ESP"]
[SourceTitle "EXT 2020"]
[Source "ChessBase"]
[SourceDate "2019.10.17"]
[SourceVersion "1"]
[SourceVersionDate "2019.10.17"]
[SourceQuality "1"]

1. e4 e6 2. d4 d5 3. e5 f5 4. Nf3 Ne7 5. Bg5 h6 6. Bxe7 Bxe7 7. c4 c6 8. cxd5 cxd5 9. Bb5+ Nc6 10. 0-0 0-0 11. Nc3 Bd7 12. a3 Rc8 13. Qd3 a6 14. Bxc6 Bxc6 15. b4 Bd7 16. Rfc1 Qb6 17. h4 Rc4 18. Ne2 Rfc8 19. Rxc4 Rxc4 20. Nd2 Rc8 21. Rc1 Rxc1+ 22. Nxc1 Bxh4 23. Nf3 Be7 24. Qc3 g5 25. Nd3 g4 26. Nd2 Qc6 27. Qb3 b6 28. Qb2 Bg5 29. g3 Qc8 30. f4 Be7 31. Qc1 Qxc1+ 32. Nxc1 a5 33. Na2 Kf7 34. bxa5 bxa5 35. Nb3 Bxa3 36. Nxa5 Bb2 37. Nb3 Bb5 38. Nac1 Bc4 39. Kf2 h5 40. Ke3 Bc3 41. Nd2 Bb5 42. Nd3 Bxd3 43. Kxd3 Bxd2 44. Kxd2 h4 45. gxh4 Kg6 46. Ke2 Kh5 47. Kf2 Kxh4 48. Kg2 g3 0-1